Hacia un concepto de la literatura española: ensayos elegidos 1931-1941

Guardado en:
Detalles Bibliográficos
Autor principal: Díaz-Plaja, Guillermo (Autor)
Formato: Libro
Lenguaje:español
Publicado: Buenos Aires Espasa-Calpe 1948
Edición:3a. ed
Colección:Colección Austral, 297
Materias:
Etiquetas: Agregar Etiqueta
Sin Etiquetas, Sea el primero en etiquetar este registro!

MARC

LEADER 00000nam a2200000 a 4500
001 UCZ5855
003 CL-VaPUC
008 951124e19480000AG |||||||||||||||||spa|d
082 0 4 |a 860.9  |b DIA  |2 21 
100 0 |a Díaz-Plaja, Guillermo  |e author  |9 350037 
245 1 0 |a Hacia un concepto de la literatura española: ensayos elegidos 1931-1941 
250 |a 3a. ed 
300 |a 149 p 
942 |c BK 
945 |d 19951124 00:00:00  |a lriquelm 
260 |a Buenos Aires  |b Espasa-Calpe  |c 1948 
650 0 |a Literatura española  |9 306261 
650 0 |a Ensayos  |9 268724 
650 0 |a Crítica literaria   |9 269189 
583 |a last modification  |c 19951124 00:00:00  |k Rodrigo Vera 
490 0 |a Colección Austral, 297 
999 |c 242142  |d 242140 
952 |0 0  |1 0  |4 0  |6 860_900000000000000_DIA_1948  |7 0  |8 P  |9 254892  |a BIBEDU  |b BIBEDU  |c BIBEDU_PB  |d 2019-11-19  |i 1577921  |o 860.9 DIA 1948  |p 1577921  |r 2024-01-25  |w 2019-11-19  |y BK  |k FIL 
952 |0 0  |1 0  |4 0  |6 860_900000000000000_DIA_1948  |7 0  |8 P  |9 254893  |a BIBEDU  |b BIBEDU  |d 2019-11-19  |i 3272311  |o 860.9 DIA 1948  |p 3272311  |r 2019-11-19  |w 2019-11-19  |y BK  |k LIT 
952 |0 0  |1 0  |4 0  |6 860_900000000000000_DIA_1948  |7 0  |8 P  |9 254894  |a BIBEDU  |b BIBEDU  |d 2019-11-19  |i 3272362  |o 860.9 DIA 1948  |p 3272362  |r 2019-11-19  |w 2019-11-19  |y BK  |k LIT 
952 |0 0  |1 0  |4 0  |6 860_900000000000000_DIA_1948  |7 0  |8 P  |9 254895  |a BIBEDU  |b BIBEDU  |d 2019-11-19  |i 1453009  |o 860.9 DIA 1948  |p 1453009  |r 2019-11-19  |w 2019-11-19  |y BK  |k LIT